000 00941nam0a2200277 4500
001 RU\NLR\BIBL_A\011199317
005 20250625215009.0
010 _a978-5-17-089738-4
_95000
021 _aRU
_b2016-59273
_93760
035 _a(NLR Aleph) 011199317
090 _a11911757
_c11911757
100 _a20160823d2016 |||y0rusy50 ca
101 1 _arus
_ceng
102 _aRU
105 _ay|||z|||000ay
200 1 _aУцелевший
_e[роман]
_fЧак Паланик
_g[пер. с англ.Т.Ю. Покидаевой]
210 _aМосква
_cАСТ
_d2016
215 _a315, [2] с. обрат. паг.
_d16
225 1 _aЧак Паланик и его бойцовский клуб
333 _a16+
686 1 _aШ6(7США)67-440.4{Лх1979-50}
700 1 _7ca
_8rus
_aПаланик
_bЧ.
_f1962-
_gЧак
_9217774
_3RU\NLR\AUTH\770217830
942 _cBOOK
980 _aNB